Central Library OPAC University of Rajshahi

Prevalence of Nephropathy in Type 2 ARBs Orace Inhibitors on its Progression / (Record no. 84128)

MARC details
000 -LEADER
fixed length control field 01101nam a2200265 a 4500
001 - CONTROL NUMBER
RUCL Control Number 84128
003 - CONTROL NUMBER IDENTIFIER
rucl marc code BD-RjUL
005 - DATE AND TIME OF LATEST TRANSACTION
control field 20241020114426.0
008 - FIXED-LENGTH DATA ELEMENTS--GENERAL INFORMATION
fixed length control field 241020s2019 bg a|||| m||| 00| 0 eng d
035 ## - SYSTEM CONTROL NUMBER
system control number (BD-RjUL)84128
040 ## - CATALOGING SOURCE
Original cataloging agency BD-RjUL
Language of cataloging eng
Transcribing agency BD-RjUL
Modifying agency BD-RjUL
041 ## - LANGUAGE CODE
Language code of Book eng
082 ## - DEWEY DECIMAL CLASSIFICATION NUMBER
DDC Edition number 23
Classification number 515.24
Author mark and Year ALP 2019
100 ## - MAIN ENTRY--PERSONAL NAME
Personal name Ali, Md. Azgor
9 (RLIN) 13843
245 10 - TITLE STATEMENT
Title Prevalence of Nephropathy in Type 2 ARBs Orace Inhibitors on its Progression /
Statement of responsibility, etc By Md. Azgor Ali ;
Name of Supervisor/Co-Supervisor Principal Supervisor : Mamunur Rashid, Co-Supervisor : Md. Habibur Rahman, Co-Supervisor : Mamun Ur Rashid
260 ## - PUBLICATION, DISTRIBUTION, ETC. (IMPRINT)
Place of publication, distribution, etc Rajshahi :
Name of publisher, distributor, etc Institute of Biological Sciences, University of Rajshahi,
Date of publication, distribution, etc 2019
300 ## - PHYSICAL DESCRIPTION
Pagination xv, 75 Leaves :
Other physical details ill, ;
Dimensions 29 cm.
502 ## - DISSERTATION NOTE
Dissertation note Thesis (Ph. D.) -- Institute of Biological Sciences, University of Rajshahi, 2019
504 ## - BIBLIOGRAPHY, ETC. NOTE
Bibliography, etc References : Leaves 51-67
650 ## - SUBJECT ADDED ENTRY--TOPICAL TERM
Topical term or geographic name as entry element Prevalence
Form subdivision Progression
9 (RLIN) 13844
700 ## - ADDED ENTRY--SUPERVISOR/CO-SUPERVISOR NAME
Personal name Rashid, Mamunur, Principal Supervisor
9 (RLIN) 13845
Personal name Rahman, Md. Habibur, Co-Supervisor
9 (RLIN) 10224
Personal name Rashid, Mamun Ur, Co-Supervisor
9 (RLIN) 13846
942 ## - ADDED ENTRY ELEMENTS (KOHA)
Source of classification or shelving scheme Dewey Decimal Classification
Koha item type Theses
Holdings
Source of classification or shelving scheme Damaged status Not for loan Collection code Permanent Location Current Location Shelving location Date of accession Source of acquisition Total Checkouts Full call number Barcode Date last seen Copy number Thesis
Dewey Decimal Classification   Not For Loan Theses Central Library, University of Rajshahi Central Library, University of Rajshahi Documentation Section 19/01/2023 Controller of Exam. R.U.   THE 515.24 ALP 2019 D4612 20/10/2024 C-I Theses